Marketing Analytics (Record no. 93269)

MARC details
000 -LEADER
fixed length control field 00550nam a2200217Ia 4500
005 - DATE AND TIME OF LATEST TRANSACTION
control field 20230426025849.0
008 - FIXED-LENGTH DATA ELEMENTS--GENERAL INFORMATION
fixed length control field 230125s9999 xx 000 0 und d
020 ## - INTERNATIONAL STANDARD BOOK NUMBER
International Standard Book Number 978-81-265-4862-0
041 ## - LANGUAGE CODE
Language code of text/sound track or separate title eng
082 ## - DEWEY DECIMAL CLASSIFICATION NUMBER
Classification number 658.018
Item number WIN
100 ## - MAIN ENTRY--PERSONAL NAME
Author Winston W L
245 ## - TITLE STATEMENT
Title Marketing Analytics
260 ## - PUBLICATION, DISTRIBUTION, ETC.
Date of publication, distribution, etc. 2014
Name of publisher, distributor, etc. Wiley India (p) Ltd
Place of publication, distribution, etc. New Delhi
300 ## - PHYSICAL DESCRIPTION
Extent 690p
500 ## - GENERAL NOTE
Keywords Research methodology<br/>
650 ## - SUBJECT ADDED ENTRY--TOPICAL TERM
Topical term or geographic name entry element Research methodology
700 ## - ADDED ENTRY--PERSONAL NAME
Personal name Winston W L
942 ## - ADDED ENTRY ELEMENTS (KOHA)
Koha item type Books
906 ## - LOCAL DATA ELEMENT F, LDF (RLIN)
b 200
Holdings
Withdrawn status Lost status Damaged status Not for loan Home library Current library Date acquired Vendor Net Price Bill number Total Checkouts Full call number Barcode Date last seen Actual Price Bill Date Koha item type Original Barcode
        Smt. Hiraben Nanavati Institute of Management & Research for Women Smt. Hiraben Nanavati Institute of Management & Research for Women 03/03/2015 Pritam Book Centre 799.00 9334   658.018 WIN B13156 HIMR-BK-13156 25/01/2023 599.00 06/02/2015 Books B13156
        Smt. Hiraben Nanavati Institute of Management & Research for Women Smt. Hiraben Nanavati Institute of Management & Research for Women 03/03/2015 Pritam Book Centre 799.00 9334   658.018 WIN B13157 HIMR-BK-13157 25/01/2023 599.00 06/02/2015 Books B13157